|
|
|
|
| LEADER |
00000nab a2200000 a 4500 |
| 001 |
vtls008985588 |
| 003 |
SK-MaSNL |
| 005 |
20260303065430.0 |
| 008 |
140328 1976 xo 000 0 slo |
| 015 |
|
|
|a SNBRB1977
|
| 040 |
|
|
|a SNKBUCL
|b slo
|c SNKBUCL
|e AACR2
|
| 041 |
0 |
|
|a slo
|
| 044 |
|
|
|a xo
|c SK
|
| 080 |
|
|
|a 635
|2 2001
|
| 100 |
1 |
|
|a Nitrianský, Š.
|4 aut
|9 968053
|
| 245 |
1 |
0 |
|a Výskum genetických zdrojov kultúrnych rastlín a čo s tým súvisí
|c Š. Nitrianský
|
| 300 |
|
|
|b Obr.
|
| 650 |
0 |
7 |
|a kultúrne rastliny
|2 snkbucl
|9 464979
|
| 650 |
0 |
7 |
|a genetické zdroje
|2 snkbucl
|9 70342
|
| 773 |
0 |
|
|t Záhradkár, chovateľ
|g Roč. 12, č. 12 (1976), s. 441
|
| 999 |
|
|
|c 1751165
|d 1753095
|